00499nam a2200193 a 4500001001300000003000900013005001700022008004100039020002300080082001300103100001900116245004700135260003200182300000900214500003500223650001300258700001700271700001700288nice12345678IN_TiNIC20260116014619.0070411s2005 newa grp 000 0 eng  a0826477925 c17500a230bBAR aBaromiley, G W aDoctrine of Reconciliation Church Domatics aNew York bContinuum c2005 a182p aincludes index and biblioraphy aTheology1 aG W Bromiley1 aT F Torrance